000 00546nam a2200181 a 4500
001 000010986
005 20200929162332.0
008 091013s2007 dr 000 0 spa d
020 _a9781605851174
040 _aDO-SdBNP
082 _axxxx
_bM538e
100 1 _aMéndez, Angel Dario,
_d1957-
_926404
245 1 4 _aLos elegidos de toraglia /
_cAngel Dario Méndez.
260 _aNew York, Estados Unidos :
_b[s.n.],
_c2007.
300 _a101 p. ;
_c21 cm.
500 _aIncluye datos biográficos del autor en la contracubierta
049 _aBNPD
999 _c10724
_d10724